Social media homicide confessions : stories of killers and their victims (Record no. 57707)

MARC details
000 -LEADER
fixed length control field 00952nam a2200265 a 4500
001 - CONTROL NUMBER
control field 021041890
008 - FIXED-LENGTH DATA ELEMENTS--GENERAL INFORMATION
fixed length control field 190612s2017 ||||||||||||||||| || u
020 ## - INTERNATIONAL STANDARD BOOK NUMBER
International Standard Book Number 9781447328018
020 ## - INTERNATIONAL STANDARD BOOK NUMBER
International Standard Book Number 9781447328001
050 ## - LIBRARY OF CONGRESS CALL NUMBER
Classification number KD 92.H7 Yar
100 ## - MAIN ENTRY--PERSONAL NAME
Personal name Yardley, Elizabeth
245 10 - TITLE STATEMENT
Title Social media homicide confessions : stories of killers and their victims
Statement of responsibility, etc. By Elizabeth Yardley
260 ## - PUBLICATION, DISTRIBUTION, ETC.
Place of publication, distribution, etc. Bristol
Name of publisher, distributor, etc. Policy Press
Date of publication, distribution, etc. 2017
300 ## - PHYSICAL DESCRIPTION
Extent vi, 201 pages
336 ## - CONTENT TYPE
Content type term text
Source rdacontent
337 ## - MEDIA TYPE
Media type term unmediated
Source rdamedia
338 ## - CARRIER TYPE
Carrier type term volume
Source rdacarrier
350 ## - PRICE (NR) (BK AM CF MU VM SE) [OBSOLETE]
Price 42.95
500 ## - GENERAL NOTE
General note Includes bibliographical references (pages 167-194) and index.
650 #0 - SUBJECT ADDED ENTRY--TOPICAL TERM
Topical term or geographic name entry element HOMICIDE--CASE STUDIES--UK
650 #0 - SUBJECT ADDED ENTRY--TOPICAL TERM
Topical term or geographic name entry element CRIMINOLOGY
650 #0 - SUBJECT ADDED ENTRY--TOPICAL TERM
Topical term or geographic name entry element MURDERES--CASE STUDIES
650 #0 - SUBJECT ADDED ENTRY--TOPICAL TERM
Topical term or geographic name entry element MURDER--MASS MEDIA
995 ## - RECOMMENDATION 995 [LOCAL, UNIMARC FRANCE]
-- CBU-MAIN LIBRARY (Kitwe)
-- 1
-- AVAILABLE
-- Jun 12, 2019
-- Main Library Open Access Collection
Holdings
Withdrawn status Lost status Source of classification or shelving scheme Damaged status Not for loan Home library Current library Shelving location Date acquired Total Checkouts Full call number Barcode Date last seen Price effective from Koha item type
          CBU-MAIN LIBRARY, KITWE. CBU-MAIN LIBRARY, KITWE.   11/30/2022   KD 92.H7 Yar 749191 11/30/2022 11/30/2022 MONOGRAPH